Animaux sur les Marques de Voitures - Statistiques

Statistiques générales
  • Ce quiz a été pris 233 fois
  • Le résultat moyen est 9 sur 14
Statistiques - réponses
Hint Réponse % Correct
Ferrari Cheval
87%
Jaguar Jaguar
87%
Peugeot Lion
84%
Mustang Cheval
79%
Lamborghini Taureau
72%
Porsche Cheval
71%
Abarth Scorpion
62%
Dodge Bélier
60%
RAM Bélier
58%
Alfa Romeo Serpent
53%
Shelby Serpent
47%
Wiesmann Gecko
40%
Vauxhall Griffon
35%
Scania Griffon
28%
Aucun quiz correspondant
Distribution des résultats
% des personnes avec chaque résultat
Percentile par nombre de réponses
Votre historique - résultats
Vous n’avez pas pris ce quiz